| 000 | 01099nam a2200277Ia 4500 | ||
|---|---|---|---|
| 003 | OSt | ||
| 005 | 20221005104816.0 | ||
| 006 | a|||||r|||| 00| 0 | ||
| 007 | ta | ||
| 008 | 221004b |||||||| |||| 00| 0 san d | ||
| 020 |
_a9789385144516 (hbk) _cINR 2500.00 |
||
| 024 | _a34084 | ||
| 037 |
_b117, 07/09/2017, Eastern Book Linkers _cTextual |
||
| 040 |
_aCRL _cCRL _bsan |
||
| 041 |
_2san _asan |
||
| 082 | _aV2:73, 152Q7 | ||
| 100 | _aराय, तृप्ति, ले. | ||
| 245 | 0 | _aप्राचीन भारत के जनपदीय एवं गणराज्यीय सिक्के | |
| 246 | _aPrāchīn bhārat ke janapadīya evan gaṇarājyīya sikke | ||
| 260 |
_aदिल्ली _bशिवालिक प्रकाशन भारत _c2017 |
||
| 300 |
_a188पृ0 _ccm. |
||
| 650 | _a भारतीय मुद्रा | ||
| 650 |
_aभारत-इतिहास _9156353 |
||
| 942 |
_hV2:73, 152Q7 _cTEXL _2cc |
||
| 999 |
_c1013859 _d1013859 |
||